000 00318nam a2200133 i 4500
001 bg
100 1 _aMAURIN, K.
245 0 _aAnaliza.
_nCz. 2,
_pWstęp do analizy globalnej /
_cK. Maurin.
260 _aWarszawa,
_c1971.
040 _cBPK
041 _apol
942 _cKS
008 s pl f |000 0 pol
999 _c29142
_d29142
856 _uhttp://koha.tu.koszalin.pl/cgi-bin/koha/opac-detail.pl?biblionumber=29142
_yKatalog online BPK